| 000 | 00542nam a22001577a 4500 | ||
|---|---|---|---|
| 999 |
_c534112 _d534112 |
||
| 020 | _qHard Cover. | ||
| 082 | _a616 | ||
| 100 | _aIdress, Ayesha | ||
| 245 |
_aEffect of Aspirin on Learning and Memory in AICI3-induced Mouse Model Alzheimer's Disease / _cAyesha Idress. |
||
| 260 |
_aIslamabad : _bASAB - NUST, _c2013. |
||
| 300 |
_axiii, 125 p. : ill. ; _c30cm. |
||
| 942 |
_2ddc _cTHE |
||
| 650 |
_aVirlogy and Immunlogy M.Phil-Thesis _928249 |
||
| 700 |
_aDr. Muhammd Ashraf. _928250 |
||